书目信息 |
| 题名: |
平面构成
|
|
| 作者: | 满懿 , 陈梦兮 著 | |
| 分册: | ||
| 出版信息: | 北京 人民美术出版社 2008.07 |
|
| 页数: | 335页 | |
| 开本: | 24cm | |
| 丛书名: | 中国高等院校艺术设计专业系列教材 | |
| 单 册: | ||
| 中图分类: | J061 | |
| 科图分类: | ||
| 主题词: | 平面构成--ping mian gou cheng--高等学校--教材 | |
| 电子资源: | ||
| ISBN: | 978-7-102-04321-0 | |
| 000 | 01028nam 2200277 450 | |
| 001 | 012010810187 | |
| 005 | 20100105085054.96 | |
| 010 | @a978-7-102-04321-0@dCNY48.00 | |
| 100 | @a20100105d2008 em y0chiy0120 ea | |
| 101 | 0 | @achi |
| 102 | @aCN@b110000 | |
| 105 | @aa z 000yy | |
| 106 | @ar | |
| 200 | 1 | @a平面构成@Aping mian gou cheng@f满懿, 陈梦兮著@Fman yi,chen meng xi zhu |
| 210 | @a北京@c人民美术出版社@d2008.07 | |
| 215 | @a335页@c图@d24cm | |
| 225 | 2 | @a中国高等院校艺术设计专业系列教材@Azhong guo gao deng yuan xiao yi shu she ji zhuan ye xi lie jiao cai |
| 300 | @a高等教育“十一五”全国规划教材 | |
| 330 | @a本书共分为三章,包括平面构成的概述、平面构成的造型要素和平面构成的形式。本书内容丰富,通俗易懂,深入浅出,可读性强。 | |
| 410 | 0 | @12001 @a中国高等院校艺术设计专业系列教材 |
| 606 | 0 | @a平面构成@Aping mian gou cheng@x高等学校@j教材 |
| 690 | @aJ061@v4 | |
| 701 | 0 | @a满懿@Aman yi@4著 |
| 701 | 0 | @a陈梦兮@Achen meng xi@4著 |
| 801 | 0 | @aCN@bQSSK@c20100105 |
| 905 | @b771234-36@dJ061@eM308@f3 | |
| 平面构成/满懿, 陈梦兮著.-北京:人民美术出版社,2008.07 |
| 335页:图;24cm.-(中国高等院校艺术设计专业系列教材) |
| 高等教育“十一五”全国规划教材 |
| ISBN 978-7-102-04321-0:CNY48.00 |
| 本书共分为三章,包括平面构成的概述、平面构成的造型要素和平面构成的形式。本书内容丰富,通俗易懂,深入浅出,可读性强。 |
| ● |
| 相关链接 |
|
|
|
正题名:平面构成
索取号:J061/M308
 
预约/预借
| 序号 | 登录号 | 条形码 | 馆藏地/架位号 | 状态 | 备注 |
| 1 | 771234 | 207712340 | 社科库309/309社科库 63排4列2层/ [索取号:J061/M308] | 在馆 | |
| 2 | 771235 | 207712359 | 社科二线400B/400B社科库 3排4列1层/ [索取号:J061/M308] | 在馆 | |
| 3 | 771236 | 207712368 | 社科库309/309社科库 63排4列2层/ [索取号:J061/M308] | 在馆 |